Szczegóły MARC21

Procesy innowacyjne w przemyśle.

005 -DATA I CZAS OSTATNIEJ MODYFIKACJI [,]
    • @
    • pole kontrolne
    • 20070315155141.9
020 -Międzynarod. znormalizowany nr książki - ISBN [ , ]
    • a
    • Numer ISBN
    • 8305113353 Find
040 -Instytucja sporządzająca opis [ , ]
    • a
    • Instytucja, która sporządziła opis (NP)
    • SZCZ U
    • c
    • Instytucja, która sporządziła rekord (NP)
    • SZCZ U
041 -Język dokumentu [0, ]
    • a
    • Język tekstu (P)
    • polski
    • h
    • Język tekstu oryginalnego i/lub pośredniego (P)
    • polski
942 -Rodzaj dokumentu [ , ]
    • c
    • Rodzaj dokumentu
    • Książka
100 -Hasło główne - nazwa osobowa [ , ]
    • a
    • Nazwa osobowa (NP)
    • KRAJEWSKI STEFAN
245 -Strefa tytułu i oznaczenia odpowiedzialności [1, ]
    • a
    • Tytuł
    • Procesy innowacyjne w przemyśle. Find
260 -Strefa adresu wydawniczego [ , ]
    • a
    • Miejsce wydania (P)
    • Warszawa :
    • b
    • Nazwa wydawcy (P)
    • "Książka i Wiedza",
    • c
    • Data wydania (P)
    • 1985.
300 -Strefa opisu fizycznego [ , ]
    • a
    • Określenie formy książki i/lub objętość (NP)
    • 218 s. :
    • c
    • Format (NP)
    • 21 cm.
500 -Uwaga ogólna [ , ]
    • a
    • Uwaga ogólna (NP)
    • Bibliogr
080 -Uniwersalna Klasyfikacja Dziesiętna [ , ]
    • a
    • Symbol klasyfikacji
    • 658.1/.5::66/69
    • 9
    • UKD
    • 5606
    • 2
    • Identyfikator wydania tablic
    • UDC-P058
    • b
    • Dopowiedzenie
    • Organizacja przedsiębiorstwa przemysłowego.
080 -Uniwersalna Klasyfikacja Dziesiętna [ , ]
    • a
    • Symbol klasyfikacji
    • :001.895
980 -Symbol UKD [ , ]
    • a
    • UKD
    • 658.1/.5::66/69:001.895
920 -ISBN [ , ]
    • a
    • ISBN
    • 83-05-11335-3 Find
Status udost. Numer inwentarzowy Sygnatura Lokalizacja Data inwentaryzacji
-3T.3707T.3707T2000-12-11